¿Valor o mercancía?: algunas observaciones críticas al análisis de la mercancía en la teoría del desarrollo capitalista de Paul M. Sweezy /

Guardado en:
書目詳細資料
主要作者: Izurieta Segura, Carlos A.
其他作者: Alvarado Ugarte, Hernán
格式: Texto
主題:
標簽: 添加標簽
沒有標簽, 成為第一個標記此記錄!

MARC

LEADER 00000 a a2200000 04500
001 1771
003
040
100 |a Izurieta Segura, Carlos A.  
245 |a ¿Valor o mercancía?:   |b algunas observaciones críticas al análisis de la mercancía en la teoría del desarrollo capitalista de Paul M. Sweezy /  |c Carlos A. Izurieta Segura 
650 |a TEORIA SOCIAL  
700 |a Alvarado Ugarte, Hernán  
773 |g número 3; 2; 28 p  
999 |c 33478  |d 33478